Euphony (Record no. 10607)

MARC details
000 -LEADER
fixed length control field 00578nam a2200229 a 4500
020 ## - INTERNATIONAL STANDARD BOOK NUMBER
ISBN 8185938
082 00 - DEWEY DECIMAL CLASSIFICATION NUMBER
Classification number 780.72954
Author Cutter SUB
100 ## - MAIN ENTRY--AUTHOR NAME
Author name Subramaniam, L
245 ## - TITLE STATEMENT
Title Euphony
Sub title Indian Classical Music
260 ## - PUBLICATION, DISTRIBUTION, ETC. (IMPRINT)
Place of publication New Delhi
Name of publisher Affiliated East-West Press
Year of publication 1995
300 ## - PHYSICAL DESCRIPTION
Number of Pages 174p
500 ## - GENERAL NOTE
General note includes index and biblioraphy
505 2# - FORMATTED CONTENTS NOTE
Formatted contents note Bibliography
650 ## - SUBJECT ADDED ENTRY--TOPICAL TERM
Topical Term Music-India
942 ## - ADDED ENTRY ELEMENTS (KOHA)
Koha item type Books
Holdings
Collection code Home library Current library Date acquired Cost, normal purchase price Full call number Accession Number Koha item type
  Henry Martyn Institute Library Henry Martyn Institute Library 06/14/2007 295.00 780.72954 SUB 017427 Books
                   Copyright © 2026 | Henry Martyn Institute | Hyderabad | TS-500052 | INDIA | Implemented by hmi.edu.in
Hit-Count:

Powered by Koha